| 000 | 00596cam a2200205 a 4500 | ||
|---|---|---|---|
| 001 | 000010518 | ||
| 005 | 20200929162237.0 | ||
| 008 | 880808s1975 sp 000 f spa d | ||
| 020 | _a8485047591 | ||
| 040 |
_aDO-SdBNP _bspa _cBNPHU |
||
| 082 |
_a863.6 _bB644a |
||
| 100 | 1 |
_aBlasco Ibáñez, Vicente, _d1867-1928. _915017 |
|
| 245 | 1 | 3 |
_aLa araña negra / _cVicente Blasco Ibáñez. |
| 260 |
_aBarcelona : _bA.T.E, _c1975. |
||
| 300 |
_a2 v. ; _c21 cm. |
||
| 650 | 4 |
_aNovela española _91123 |
|
| 650 | 4 |
_aLiteratura española _9632 |
|
| 910 | _aCatalogación por copia / Oxford | ||
| 910 | _aWM | ||
| 999 |
_c10277 _d10277 |
||